Student answer manual to accompany applied calculus for business, social sciences, and life sciences

Αποθηκεύτηκε σε:
Λεπτομέρειες βιβλιογραφικής εγγραφής
Άλλοι συγγραφείς: Hughes-Hallett, Deborah
Μορφή: Βιβλίο
Γλώσσα:English
Δημοσίευση: New York : John Wiley, c1996
Έκδοση:Preliminary ed.
Θέματα:
Ετικέτες: Προσθήκη ετικέτας
Δεν υπάρχουν, Καταχωρήστε ετικέτα πρώτοι!

MARC

LEADER 00000nam a2200000 i 4500
001 1/53725
008 980907s1996 eng d
020 |a 0-471-11116-3 
035 |l 10044786 
040 |a GR-MY-UA  |b gre  |e aacr 
041 0 |a eng 
082 0 |a 515 
245 1 0 |a Student answer manual to accompany applied calculus for business, social sciences, and life sciences /  |c Deborah Hughes-Hallett...[et.al.] ; prepared by Richard Chung...[et.al.] 
250 |a Preliminary ed. 
260 |a New York :   |b John Wiley,   |c c1996 
300 |a 33 p.;  |c 28 cm. 
650 0 0 |a Calculus. 
700 1 |a Hughes-Hallett, Deborah. 
852 |a INST  |b SAMOS  |e 19980907  |h 515 STU  |p 005300010870  |q 005300010870  |t BK  |y 0 
852 |a INST  |b SAMOS  |e 19980907  |h 515 STU  |p 005300010871  |q 005300010871  |t BK  |y 0 
852 |a INST  |b SAMOS  |e 19980907  |h 515 STU  |p 005300010872  |q 005300010872  |t BK  |y 0 
901 |a BIBL-1998-3 
909 |a Σ  |b 057566 
909 |a Σ  |b 057567 
909 |a Σ  |b 057568 
922 |a 3ΕΛΗ  |b 199807  |c ΔΩΡ  |d JOHN WILEY